1976 1325 1500 1909 1659 1784 1582 1094 1387 1105 1956 1064 1624 1381 1288 1469 1088 1911 1508 1804 1166 1903 1397 1458 1024 1824 1386 1257 1178 1997 1867 1730 1261 1543 1459 1936 1934 1374 1836 1115 1395 1840 1826 1792 1735 1470 1255 1556 1840 1285 1445 1924 1059 1710 1129 1756 1763 1306 1692 1593 1886 1028 1263 1658 1683 1400 1164 1506 1621 1119 1039 1274 1471 1392 1678 1590 1048 1705 1201 1414 1305 1011 1138 1693 1733 1509 1688 1575 1363 1321 1953 1604 1529 1312 1671 1615 1540 1445 1143 BCNSPRNW ULIB Ver.6.0+V

เปลี่ยนเป็นภาษาไทย

Change to English
 แสดงรายละเอียดบรรณานุกรม
  กลับหน้าหลัก

Brief Record : Get Marc (ISO 2709) : E-mail record : QR code < ปิดหน้าต่าง
LEADER : 00000nam 2200000uu 4500
001    13399113547
003     ULIB
008    111125s2551||||th 000 0 tha d
020    ^a9789740463634
090    ^aนว.^bค310บ 2551
100 0  ^aคาซี (ปราณธร)
245 00 ^aบัลลังก์รักบนเนินทราย/^cคาซี (ปราณธร)
250    ^aพิมพ์ครั้งที่ 2
260    ^aกรุงเทพฯ :^bแจ่มใส,^c2551
300    ^a200 หน้า
710 1  ^aแจ่มใส
945    ^p149^l0^i16293
995    ^aกัณชพร
999    ^aใช้งานได้ทุกระบบ
รายการนี้ยังไม่มีแท็ก
คุณยังไม่ได้ล็อกอิน คุณสามารถมีกิจกรรมร่วมกับเว็บไซต์ได้ แต่ต้องล็อกอินก่อน ::
  ล็อกอิน

รายการสื่อสารสนเทศ

ลำดับที่ ประเภท เลขเรียก/บาร์โค้ด สถานที่ สถานะ
1. วิทยาศาสตร์การแพทย์ และสุขภาพ
วิทยาศาสตร์การแพทย์ และสุขภาพ
นว. ค310บ 2551  
  Barcode: 16293
ห้องสมุดวิทยาเขตสวรรค์ประชารักษ์
►นวนิยาย
บนชั้น
  ขอยืม

BibComment


ยังไม่เคยถูกคอมเมนท์

คอมเมนท์ทรัพยากรรายการนี้
  คอมเมนท์: บัลลังก์รักบนเนิ..


 Copyright 2026. Bcnsprnw @Library